[Event "Titled Tue 26th Aug Late"]
[Site "chess.com INT"]
[Date "2025.08.26"]
[Round "8"]
[White "Dotzer, Lukas"]
[Black "Gerbelli Neto, Eduardo"]
[Result "1-0"]
[WhiteTitle "IM"]
[WhiteElo "2472"]
[BlackElo "2114"]
[WhiteFideId "1666975"]
[BlackFideId "2103281"]
[EventDate "2025.08.26"]

1. b3 e5 2. Bb2 Nc6 3. c4 Nf6 4. g3 d5 5. Bg2 Bc5 6. cxd5 Nxd5 7. Nc3 Nxc3 8.
Bxc3 Bd7 9. Rc1 O-O 10. Bxe5 Bxf2+ 11. Kxf2 Nxe5 12. Nf3 Ng4+ 13. Kg1 Bc6 14. h3
Nf6 15. Kh2 Qd6 16. d4 Rad8 17. e3 Rfe8 18. Ne5 Bxg2 19. Kxg2 Nd5 20. Qf3 f6 21.
Nc4 Qe6 22. Rhe1 b5 23. e4 Nb4 24. d5 Qa6 25. Ne3 Nd3 26. Nf5 Nxe1+ 27. Rxe1
Qxa2+ 28. Kg1 Qd2 29. Rf1 Qg5 30. h4 Qg6 31. Rc1 Rd7 32. Rc6 Qf7 33. Qg4 Kh8 34.
h5 g6 35. hxg6 Qxg6 36. Qh4 Rg8 37. Rxf6 1-0

[Event "Titled Tue 26th Aug Late"]
[Site "chess.com INT"]
[Date "2025.08.26"]
[Round "8"]
[White "Gavilan Diaz, Mario"]
[Black "Munoz, Francisco Javier"]
[Result "1-0"]
[WhiteTitle "FM"]
[BlackTitle "FM"]
[WhiteElo "2195"]
[BlackElo "2389"]
[WhiteFideId "2260905"]
[BlackFideId "128368"]
[EventDate "2025.08.26"]

1. d4 Nf6 2. c4 e6 3. Nc3 d5 4. cxd5 exd5 5. Bg5 c6 6. e3 Nbd7 7. Bd3 h6 8. Bf4
a5 9. Nf3 Nh5 10. Be5 Nxe5 11. dxe5 g5 12. Nd4 Ng7 13. Qf3 g4 14. Qe2 h5 15.
O-O-O a4 16. f4 a3 17. b3 Qa5 18. Qc2 Bb4 19. Nce2 Bd7 20. e4 Rc8 21. Kb1 c5 22.
Nf5 Nxf5 23. exf5 Bc6 24. e6 f6 25. h3 g3 26. Nxg3 h4 27. Nf1 b5 28. Qe2 Ke7 29.
Bc2 Bc3 30. Ne3 Bd4 31. Rxd4 cxd4 32. Ng4 d3 33. Bxd3 Qc3 34. Rc1 Qd4 35. Rd1
Qc3 36. Rc1 Qd4 37. Rd1 Qxf4 38. Rf1 Qd4 39. Rd1 Qb4 40. Qf2 Bb7 41. Qb6 Ba8 42.
Qa7+ Kd6 43. Qd7+ Kc5 44. Rc1+ Kd4 45. Qa7+ 1-0

[Event "Titled Tue 26th Aug Late"]
[Site "chess.com INT"]
[Date "2025.08.26"]
[Round "8"]
[White "Tang, Zoey"]
[Black "Tica, Sven"]
[Result "0-1"]
[WhiteTitle "FM"]
[BlackTitle "IM"]
[WhiteElo "2381"]
[BlackElo "2442"]
[WhiteFideId "30952530"]
[BlackFideId "14526948"]
[EventDate "2025.08.26"]

1. d4 g6 2. e4 Bg7 3. Nc3 c6 4. f4 d5 5. e5 h5 6. Nf3 Nh6 7. h3 Bf5 8. Be3 e6 9.
Be2 a6 10. a4 Bf8 11. O-O Be7 12. Bf2 Nd7 13. Qd2 Rc8 14. Nd1 c5 15. Ne3 Be4 16.
c4 cxd4 17. Nxd4 Nb6 18. Rfc1 O-O 19. a5 Nxc4 20. Nxc4 dxc4 21. Bxc4 Bxg2 22.
Bxe6 Rxc1+ 23. Rxc1 fxe6 24. Kxg2 Nf5 25. Qc3 Nxd4 26. Qxd4 Qxd4 27. Bxd4 Rxf4
28. Bb6 Rb4 29. Rc8+ Kf7 30. Rc7 Rxb2+ 31. Kf3 Rb3+ 32. Ke4 Rb4+ 33. Kd3 Rb5 34.
Ke4 g5 35. Rxb7 Rb4+ 36. Kf3 Rb5 37. Ke4 h4 38. Ra7 Rb4+ 39. Kf3 Rb3+ 40. Kg2
Rb2+ 41. Kf3 Rb3+ 42. Kg2 Rb5 43. Bd8 Rxe5 44. Bxe7 Kg6 45. Bd8 Rd5 46. Rxa6
Rxd8 47. Rxe6+ Kf5 48. Re7 Rd2+ 49. Kg1 Ra2 50. Rf7+ Ke5 51. Ra7 Kf4 52. a6 Kg3
53. Kf1 Kxh3 54. Rg7 g4 55. a7 g3 56. Ke1 g2 0-1

[Event "Titled Tue 26th Aug Late"]
[Site "chess.com INT"]
[Date "2025.08.26"]
[Round "8"]
[White "Goncharov, Vladimir"]
[Black "Szpar, Milosz"]
[Result "0-1"]
[BlackTitle "GM"]
[WhiteElo "2077"]
[BlackElo "2490"]
[WhiteFideId "34162256"]
[BlackFideId "1184989"]
[EventDate "2025.08.26"]

1. d4 Nf6 2. c4 c5 3. d5 e6 4. Nc3 exd5 5. cxd5 d6 6. e4 g6 7. h3 Bg7 8. Bd3 O-O
9. Nf3 b5 10. Nxb5 Re8 11. O-O Nxe4 12. Re1 a6 13. Nc3 Nxc3 14. bxc3 Rxe1+ 15.
Qxe1 Nd7 16. Bf4 Nb6 17. Rd1 Nxd5 18. Bg5 Nf6 19. Bc4 Bb7 20. Ne5 d5 21. Bxd5
Bxd5 22. c4 Qd6 23. cxd5 Re8 24. f4 Nd7 25. Qf2 Nxe5 26. fxe5 Bxe5 27. Be3 Rc8
28. Qf3 c4 29. Rf1 Rc7 30. Kh1 c3 31. Qe4 Rd7 32. Rd1 h5 33. Qc4 Rc7 34. Qe4 Kh7
35. Re1 a5 36. Bc1 Bg3 37. Rf1 Re7 38. Qf3 Be5 39. Qe3 Bg7 40. Qg5 Rd7 41. Rd1
c2 42. Rd2 Qb4 0-1

[Event "Titled Tue 26th Aug Late"]
[Site "chess.com INT"]
[Date "2025.08.26"]
[Round "8"]
[White "Ruperez Benito, Antonio"]
[Black "Taylor, Tristan"]
[Result "1-0"]
[WhiteTitle "FM"]
[WhiteElo "2328"]
[BlackElo "1973"]
[WhiteFideId "22245049"]
[BlackFideId "2635054"]
[EventDate "2025.08.26"]

1. e4 e6 2. b3 c5 3. Bb2 Nc6 4. Nf3 b6 5. d4 cxd4 6. Nxd4 Bb7 7. Nxc6 Bxc6 8.
Bd3 d6 9. O-O Nf6 10. Qe2 Be7 11. Nd2 O-O 12. f4 Qc7 13. Kh1 Qb7 14. Rae1 Rad8
15. Rf3 d5 16. Bxf6 Bxf6 17. e5 Be7 18. f5 exf5 19. Bxf5 g6 20. Bd3 Bb4 21. e6
Bxd2 22. Qxd2 fxe6 23. Rxf8+ Rxf8 24. Rxe6 d4 25. Re1 b5 26. a4 a6 27. a5 Qf7
28. Kg1 Re8 29. Rxe8+ Qxe8 30. Qf2 Qd7 31. Qf6 Qd5 32. Qf2 Kg7 33. Qg3 h5 34. h3
Kh6 35. Kh2 Kg7 36. Qxg6+ Kf8 37. Qf6+ Ke8 38. Bg6+ Kd7 39. Bf5+ Kc7 40. Qg7+
Kd8 41. Bd3 Qd6+ 42. Qg3 Qxg3+ 43. Kxg3 Be8 44. Kf4 Ke7 45. Ke5 Bc6 46. g3 1-0

[Event "Titled Tue 26th Aug Late"]
[Site "chess.com INT"]
[Date "2025.08.26"]
[Round "8"]
[White "Tikhonov, Viacheslav"]
[Black "Tarhan, Adar"]
[Result "0-1"]
[WhiteTitle "CM"]
[BlackTitle "IM"]
[WhiteElo "2183"]
[BlackElo "2474"]
[WhiteFideId "44196407"]
[BlackFideId "34544712"]
[EventDate "2025.08.26"]

1. e4 e5 2. Nf3 Nc6 3. Bc4 Bc5 4. O-O d6 5. c3 Nf6 6. d4 Bb6 7. Re1 Bg4 8. d5
Ne7 9. Nbd2 O-O 10. Nf1 Nd7 11. Be2 f5 12. exf5 Nxf5 13. Ne3 Nxe3 14. Bxe3 Bxe3
15. fxe3 Nc5 16. b4 Ne4 17. Qc2 Bxf3 18. Bxf3 Ng5 19. Be4 Qf6 20. Rf1 Qh6 21.
Qd3 Rxf1+ 22. Rxf1 Rf8 23. Rxf8+ Kxf8 24. Qf1+ Ke7 25. Qf5 Qh4 26. g3 Qxe4 27.
Qxg5+ Kf7 28. Qh5+ Kf8 29. Kf2 Qxd5 30. Qxh7 Qxa2+ 31. Kf3 Qf7+ 32. Ke2 Ke7 33.
Qh4+ Qf6 34. Qc4 c6 35. b5 Qf7 36. Qa4 Qh5+ 37. Ke1 Qxh2 38. Qxa7 Qxg3+ 39. Kd2
Qg2+ 40. Kc1 Qf1+ 41. Kc2 Qxb5 42. Qb8 c5 43. Qg8 Qe2+ 44. Kb3 Qg4 45. Qb8 Qd7
46. Kc2 Kf6 47. Qh8 Kg6 48. Qh4 Qf5+ 49. Kb3 b5 50. Qg3+ Kf6 51. Qh4+ Kf7 52.
Qh8 Qb1+ 53. Ka3 c4 54. Qh5+ Ke7 55. Qg5+ Ke8 56. Qh5+ Ke7 57. Qg5+ Kd7 58.
Qxg7+ Kc6 59. Qg2+ Kb6 60. Qb2 Qxb2+ 61. Kxb2 Ka5 62. Ka3 d5 63. Kb2 b4 64. Kc2
b3+ 65. Kb2 e4 66. Ka3 Kb5 67. Kb2 Kc6 68. Ka3 Kd6 69. Kb2 Ke5 70. Kc1 Kf5 71.
Kd1 Kg4 72. Kd2 Kf3 73. Kd1 Kxe3 74. Kc1 Kd3 75. Kb2 e3 76. Kc1 Kxc3 77. Kb1 d4
78. Ka1 d3 79. Kb1 e2 80. Ka1 e1=R# 0-1

[Event "Titled Tue 26th Aug Late"]
[Site "chess.com INT"]
[Date "2025.08.26"]
[Round "8"]
[White "Dylag, Emilia"]
[Black "Krzywda, Andrzej"]
[Result "0-1"]
[WhiteTitle "WFM"]
[BlackTitle "CM"]
[WhiteElo "2078"]
[BlackElo "2149"]
[WhiteFideId "21805172"]
[BlackFideId "1114565"]
[EventDate "2025.08.26"]

1. d4 Nf6 2. c4 c5 3. d5 b5 4. Qc2 Qa5+ 5. Nd2 b4 6. e4 d6 7. Bd3 g6 8. Ngf3 Bg7
9. O-O O-O 10. a3 Qc7 11. Re1 e6 12. axb4 cxb4 13. Nb3 Nbd7 14. Be3 Ng4 15. Nfd4
Nxe3 16. fxe3 Ne5 17. c5 dxc5 18. Qxc5 Qb8 19. Bf1 exd5 20. exd5 Ng4 21. d6 Bd7
22. h3 Ne5 23. Qd5 Qb6 24. Ra6 Qd8 25. Nc5 Bc8 26. Qxa8 Qg5 27. Qe4 Bxa6 28.
Nxa6 Qg3 29. Rc1 Bh6 30. Rd1 Bxe3+ 31. Kh1 Bf4 32. Qxf4 Qxf4 33. Nxb4 Rd8 34.
Nbc2 Rxd6 35. Re1 Rf6 36. Bb5 g5 37. Nb3 Ng6 38. Ncd4 Rd6 39. Rf1 Rxd4 40. Rxf4
Rxf4 41. Bc6 Rb4 42. Nd4 Rxb2 43. Nf5 Rb1+ 44. Kh2 Nf4 45. Bd5 Nxd5 0-1

[Event "Titled Tue 26th Aug Late"]
[Site "chess.com INT"]
[Date "2025.08.26"]
[Round "8"]
[White "Ragger, Markus"]
[Black "Livaic, Leon"]
[Result "0-1"]
[WhiteTitle "GM"]
[BlackTitle "GM"]
[WhiteElo "2569"]
[BlackElo "2550"]
[WhiteFideId "1610856"]
[BlackFideId "14531534"]
[EventDate "2025.08.26"]

1. d4 d6 2. Nf3 Nf6 3. c4 g6 4. Nc3 Bg7 5. e4 Bg4 6. Be2 Bxf3 7. Bxf3 e5 8. d5
h5 9. h3 Nbd7 10. Be3 Bh6 11. Bxh6 Rxh6 12. Qd2 Rh8 13. O-O-O Kf8 14. g4 h4 15.
g5 Nh5 16. Bxh5 Rxh5 17. Rhg1 Kg7 18. Rg4 Qe7 19. Rdg1 Nc5 20. Qe3 a6 21. Ne2 b5
22. f4 bxc4 23. f5 Qd7 24. f6+ Kg8 25. Nc3 Rb8 26. R1g2 Rb7 27. Rc2 a5 28. Kb1
a4 29. Qe2 Nd3 30. Ka1 Qd8 31. a3 Qa8 32. Nd1 Qa6 33. Ne3 Rb3 34. Nxc4 Nc5 35.
Qf1 Rg3 36. Qc1 Nb3+ 37. Kb1 Nxc1 38. Rxc1 Rxg4 39. hxg4 Rxg5 40. Ne3 Qd3+ 41.
Ka1 Qxe3 42. Rxc7 Qf2 43. Ka2 Qxf6 44. Rc8+ Kg7 45. Ra8 h3 46. Rb8 h2 47. Rc8
h1=Q 48. Rb8 Qff1 49. Rg8+ Kxg8 50. b4 Qb1# 0-1

[Event "Titled Tue 26th Aug Late"]
[Site "chess.com INT"]
[Date "2025.08.26"]
[Round "8"]
[White "Nicot, Valentin"]
[Black "Banzea, Alexandru-Bogdan"]
[Result "0-1"]
[WhiteTitle "CM"]
[BlackTitle "IM"]
[WhiteElo "2140"]
[BlackElo "2394"]
[WhiteFideId "651002477"]
[BlackFideId "1232622"]
[EventDate "2025.08.26"]

1. d4 Nf6 2. Nf3 g6 3. g3 Bg7 4. Bg2 O-O 5. O-O d6 6. c4 c5 7. d5 e6 8. Nc3 exd5
9. cxd5 Re8 10. a4 Bf5 11. Nd2 Na6 12. e4 Bg4 13. f3 Bc8 14. Nc4 Nc7 15. Bf4 Bf8
16. Qd2 b6 17. Rfe1 Ba6 18. b3 Bxc4 19. bxc4 Nh5 20. Be3 Bg7 21. Rab1 Na6 22. f4
Nb4 23. Bf3 Nf6 24. Bf2 Nd7 25. Nb5 Qb8 26. Nd4 cxd4 27. Rxb4 Nc5 28. Bxd4 Bxd4+
29. Qxd4 Qc7 30. e5 Nd3 31. Qxd3 Qc5+ 32. Kg2 Qxb4 33. Re2 Re7 34. e6 Rae8 35.
exf7+ Kxf7 36. Rf2 Re3 37. Qd4 Qc3 38. Qd1 Re1 39. Qd2 Qxd2 40. Rxd2 Rc1 41. Rd4
Re3 42. Bg4 Rc2+ 43. Kh3 Ra3 44. Be6+ Kf6 45. Kg4 h5+ 46. Kh3 Raa2 47. g4 Rc3+
48. Kh4 Rxh2# 0-1

[Event "Titled Tue 26th Aug Late"]
[Site "chess.com INT"]
[Date "2025.08.26"]
[Round "8"]
[White "Terry, Renato"]
[Black "Ebrahimi Herab, Hamidreza"]
[Result "1-0"]
[WhiteTitle "IM"]
[BlackTitle "FM"]
[WhiteElo "2508"]
[BlackElo "2385"]
[WhiteFideId "3803457"]
[BlackFideId "22512888"]
[EventDate "2025.08.26"]

1. e4 c5 2. Nf3 e6 3. Nc3 Nc6 4. Bb5 Nd4 5. O-O a6 6. Bd3 b5 7. Nxd4 cxd4 8. Ne2
e5 9. c3 dxc3 10. bxc3 Nf6 11. Bc2 Bb7 12. d4 d6 13. d5 Be7 14. a4 O-O 15. Bd3
bxa4 16. Qxa4 Nd7 17. Be3 Qc7 18. Qa5 Qxa5 19. Rxa5 Bd8 20. Ra3 a5 21. Bb5 Nb8
22. Rb1 Ba6 23. c4 Bxb5 24. cxb5 Nd7 25. Nc3 Bb6 26. Na4 Bxe3 27. Rxe3 Rfb8 28.
Rc3 Nb6 29. Nb2 a4 30. f3 a3 31. Nd3 a2 32. Ra1 g5 33. Rc2 Nd7 34. Raxa2 Rxa2
35. Rxa2 Rxb5 36. Ra7 Nb6 37. Rb7 Rb3 38. Ne1 Rb1 39. Kf1 Kg7 40. Rb8 h5 41. g3
h4 42. gxh4 gxh4 43. h3 Kh7 44. Ke2 Nxd5 45. Rxb1 Nc3+ 46. Kd3 Nxb1 47. Ng2 Na3
48. Nxh4 Nb5 49. Nf5 Kg6 50. Kc4 Nc7 51. Nxd6 Ne6 52. h4 Kh5 53. Nxf7 Kxh4 54.
Kd5 Nf8 55. Kxe5 Kg3 56. Ng5 Ng6+ 57. Kf5 Nh4+ 58. Kf6 1-0

[Event "Titled Tue 26th Aug Late"]
[Site "chess.com INT"]
[Date "2025.08.26"]
[Round "8"]
[White "Beznosov, Timofey"]
[Black "Bonin, Jay"]
[Result "1-0"]
[WhiteTitle "CM"]
[BlackTitle "IM"]
[WhiteElo "2131"]
[BlackElo "2077"]
[WhiteFideId "34497951"]
[BlackFideId "2000644"]
[EventDate "2025.08.26"]

1. d3 d5 2. c3 c6 3. h3 g6 4. g4 h5 5. g5 e5 6. Bg2 Ne7 7. d4 e4 8. Bf4 Bg7 9.
e3 Nf5 10. h4 Nd7 11. Ne2 Nf8 12. Ng3 Nd6 13. Nd2 Ne6 14. O-O Nxf4 15. exf4 O-O
16. Re1 Bg4 17. f3 exf3 18. Bxf3 Bxf3 19. Nxf3 Qd7 20. Ne5 Qh3 21. Re3 Qxh4 22.
Qf3 Qh3 23. Rae1 Rfe8 24. R1e2 h4 25. Nf1 Qxf3 26. Nxf3 Rxe3 27. Nxe3 h3 28. Ng4
Ne4 29. Kh2 a5 30. Kxh3 a4 31. Nd2 Nxd2 32. Rxd2 Re8 33. Ne5 Bxe5 34. dxe5 Kg7
35. Kg3 Rh8 36. Rd4 b5 37. Kg2 Rh4 38. b3 axb3 39. axb3 Kf8 40. c4 dxc4 41. bxc4
c5 42. Rd5 Rxf4 43. cxb5 c4 44. b6 c3 45. b7 Rb4 46. Rd8+ 1-0

[Event "Titled Tue 26th Aug Late"]
[Site "chess.com INT"]
[Date "2025.08.26"]
[Round "8"]
[White "Herbrig, Alexander"]
[Black "Hejazipour, Mitra"]
[Result "0-1"]
[WhiteTitle "FM"]
[BlackTitle "WGM"]
[WhiteElo "2292"]
[BlackElo "2329"]
[WhiteFideId "12952044"]
[BlackFideId "12505951"]
[EventDate "2025.08.26"]

1. d4 Nf6 2. c4 g6 3. Nc3 Bg7 4. e4 d6 5. Be2 O-O 6. Be3 Nbd7 7. h4 h5 8. f3 e5
9. d5 a5 10. Nh3 Nc5 11. Ng5 c6 12. Qc2 Bd7 13. Rd1 Qc7 14. O-O cxd5 15. Nxd5
Nxd5 16. cxd5 Rfc8 17. Rc1 Qd8 18. Qd2 b6 19. f4 exf4 20. Bxf4 Be8 21. Rf2 Qf6
22. Rcf1 Qxb2 23. Kh1 Qxd2 24. Bxd2 Bd4 25. Rf3 Ra7 26. Bf4 Rd8 27. g4 hxg4 28.
Rg3 Re7 29. Rxg4 Nxe4 30. Bd3 Nf2+ 31. Rxf2 Bxf2 32. h5 Bd7 33. Rg2 Bd4 34. hxg6
fxg6 35. Bxd6 Re1+ 36. Kh2 Be5+ 37. Bxe5 Rxe5 38. Bxg6 Re7 39. Ne6 Bxe6 40. dxe6
Kg7 41. Bf7+ Kf6 42. Rb2 Rd6 43. a4 Rd4 44. Rxb6 Rxa4 45. Kg3 Rc7 46. Rb3 Rb4
47. Rf3+ Ke7 48. Bg8 a4 49. Kf2 Rc2+ 50. Ke1 Rb1# 0-1

[Event "Titled Tue 26th Aug Late"]
[Site "chess.com INT"]
[Date "2025.08.26"]
[Round "8"]
[White "Tureshbayev, Anuar"]
[Black "Kulik, Nicolas"]
[Result "0-1"]
[WhiteTitle "CM"]
[WhiteElo "2214"]
[BlackElo "2111"]
[WhiteFideId "651081709"]
[BlackFideId "3009530"]
[EventDate "2025.08.26"]

1. d4 g6 2. Bf4 Nf6 3. Nc3 Nh5 4. Be5 f6 5. Bg3 c6 6. e4 Qb6 7. a3 d6 8. Bc4 e5
9. dxe5 dxe5 10. Nf3 Nxg3 11. hxg3 Bc5 12. O-O Be7 13. b4 Bg4 14. Qd3 Nd7 15.
Nd2 Qd4 16. Qxd4 exd4 17. Ne2 Ne5 18. f3 Nxc4 19. Nxc4 Be6 20. Nb2 O-O-O 21.
Rfd1 c5 22. Nd3 Bc4 23. Nef4 g5 24. Ne2 Bxd3 25. Rxd3 cxb4 26. axb4 Bxb4 27.
Rxa7 Kb8 28. Ra2 Rd6 29. Kf2 Rc8 30. f4 g4 31. f5 Re8 32. Nxd4 Rxe4 33. Ne6 Be1+
34. Kf1 Rxd3 35. cxd3 Re5 36. Re2 Bxg3 37. Rxe5 Bxe5 38. Nf8 h5 39. Ke2 h4 40.
Ng6 h3 41. gxh3 gxh3 42. Kf3 h2 43. Kg2 Kc7 44. Nh4 b5 45. Nf3 b4 46. d4 Bd6 47.
Nd2 Kc6 48. Nc4 Kd5 0-1

[Event "Titled Tue 26th Aug Late"]
[Site "chess.com INT"]
[Date "2025.08.26"]
[Round "8"]
[White "Alvarado, Carlos"]
[Black "Reprintsev, Alexander"]
[Result "0-1"]
[WhiteTitle "CM"]
[BlackTitle "IM"]
[WhiteElo "2032"]
[BlackElo "2256"]
[WhiteFideId "3800555"]
[BlackFideId "14100541"]
[EventDate "2025.08.26"]

1. Nf3 Nc6 2. d4 d5 3. Bf4 Bg4 4. Nbd2 e6 5. c3 Bd6 6. Bg3 Nf6 7. Qb3 Rb8 8. e3
O-O 9. a4 Re8 10. Bb5 a6 11. Bxc6 bxc6 12. Qa2 c5 13. O-O Ne4 14. Rfe1 f5 15.
Nxe4 fxe4 16. Ne5 Bxe5 17. Bxe5 c4 18. Qa3 Re7 19. Qc5 Rxb2 20. Reb1 Rb6 21. a5
Rb3 22. Qa7 c5 23. Qxa6 Reb7 24. Rc1 h6 25. Qc6 Kh7 26. a6 Ra7 27. Qxc5 Qd7 28.
h3 Bh5 29. Ra5 Be8 30. Qf8 Rb6 31. Rca1 Qf7 32. Qc5 Rb3 33. R5a3 Rb2 34. Rf1 Bb5
35. Bg3 Rxa6 36. Rfa1 Rc6 37. Ra7 Rxc5 38. Rxf7 Rc8 39. Raa7 Rg8 40. Be5 h5 41.
Rxg7+ Rxg7 42. Rxg7+ Kh6 43. Re7 Rc2 44. Rxe6+ Kh7 45. Re7+ Kg8 46. Rb7 Ba4 47.
Rb4 Bb3 48. Rb5 Rxc3 49. Rxd5 Rc1+ 50. Kh2 c3 51. Rc5 c2 52. Kg3 Rf1 53. Kf4
c1=Q 54. Rxc1 Rxc1 55. Kxe4 Rf1 56. Bg3 Kf7 57. Kf4 Ke6 58. Kg5 Bd5 59. f3 Rg1
60. e4 Bb3 61. d5+ Kd7 62. Kxh5 Rxg2 63. Be5 Bd1 0-1

[Event "Titled Tue 26th Aug Late"]
[Site "chess.com INT"]
[Date "2025.08.26"]
[Round "8"]
[White "Cevizci, Yusuf Baran"]
[Black "Piesik, Piotr"]
[Result "1/2-1/2"]
[WhiteTitle "CM"]
[BlackTitle "IM"]
[WhiteElo "2094"]
[BlackElo "2427"]
[WhiteFideId "34565400"]
[BlackFideId "1136194"]
[EventDate "2025.08.26"]

1. e4 g6 2. d4 Bg7 3. Nf3 c6 4. Nc3 d6 5. Bc4 Nf6 6. O-O b5 7. Bb3 b4 8. Na4
Nxe4 9. Re1 d5 10. c4 bxc3 11. Nxc3 Nxc3 12. bxc3 O-O 13. Ba3 Re8 14. Qe2 Bg4
15. h3 Bxf3 16. Qxf3 Nd7 17. c4 e6 18. Rad1 Nf6 19. cxd5 cxd5 20. Ba4 Nd7 21.
Rb1 Nb6 22. Bxe8 Qxe8 23. Bc5 Qa4 24. Bxb6 axb6 25. Rxb6 Bxd4 26. Rb7 Rf8 27. a3
Qc6 28. Rb3 e5 29. Rd1 Rc8 30. a4 Qc2 31. Qd3 Qxd3 32. Rbxd3 Ra8 33. Rxd4 exd4
34. Rxd4 Ra5 35. Kf1 Kf8 36. Ke2 Ke7 37. Kd3 Kd6 38. Rf4 f5 39. g4 Ke5 40. Rb4
f4 41. h4 Ra7 42. f3 Rc7 43. Rb8 Rc4 44. Re8+ Kd6 45. Ra8 Kc5 46. Rc8+ Kb4 47.
Ra8 Rc3+ 48. Kd4 Rxf3 49. Kxd5 Rg3 50. g5 Rg4 51. Ke4 Rxh4 52. Ra7 Rg4 53. Rxh7
Kxa4 54. Kf3 Rxg5 55. Kxf4 Rf5+ 56. Kg4 Rc5 57. Rg7 g5 58. Rxg5 Rxg5+ 59. Kxg5 1/2-1/2

[Event "Titled Tue 26th Aug Late"]
[Site "chess.com INT"]
[Date "2025.08.26"]
[Round "8"]
[White "Hofstadler, Mario"]
[Black "Khanbutaev, Artemii"]
[Result "0-1"]
[WhiteTitle "CM"]
[WhiteElo "2145"]
[BlackElo "2145"]
[WhiteFideId "1660497"]
[BlackFideId "55747175"]
[EventDate "2025.08.26"]

1. e4 e5 2. g3 d5 3. exd5 Qxd5 4. Nf3 Nc6 5. Nc3 Qd6 6. Bg2 Bg4 7. O-O O-O-O 8.
h3 Bh5 9. Ne4 Qd5 10. d3 f5 11. Nc3 Qd6 12. Qe1 Nf6 13. Nd2 Nd4 14. Nc4 Qe6 15.
Qxe5 Qxe5 16. Nxe5 Nxc2 17. Rb1 Bd6 18. Nc4 Rhe8 19. Bg5 Be7 20. Bxf6 Bxf6 21.
Nd5 Be2 22. Rfc1 Bxd3 23. Nxf6 gxf6 24. Na5 c6 25. Nb3 Nd4 26. Nxd4 Bxb1 27. Nb3
Bxa2 28. Nc5 Bd5 29. Bf1 Bf3 30. Nd3 Be2 31. Bxe2 Rxe2 32. Nf4 Red2 33. b4 Rd1+
34. Rxd1 Rxd1+ 35. Kg2 Rd4 36. Nh5 Rxb4 37. Nxf6 f4 38. g4 Kd8 39. Nxh7 Ke7 40.
g5 Kf7 41. h4 f3+ 42. Kg3 a5 43. h5 a4 44. g6+ Kg7 45. Ng5 a3 46. Ne6+ Kh6 47.
g7 Kh7 48. h6 a2 49. Nf8+ Kg8 50. Ng6 Re4 51. Kxf3 a1=Q 52. Kxe4 Qb1+ 53. Ke5
Qxg6 54. Kd4 Qxh6 55. Kc5 Qxg7 56. Kb6 Qd4+ 0-1

[Event "Titled Tue 26th Aug Late"]
[Site "chess.com INT"]
[Date "2025.08.26"]
[Round "8"]
[White "Adharsh K"]
[Black "Bardyk, Artem"]
[Result "0-1"]
[WhiteTitle "FM"]
[BlackTitle "FM"]
[WhiteElo "2346"]
[BlackElo "2332"]
[WhiteFideId "25718207"]
[BlackFideId "34349979"]
[EventDate "2025.08.26"]

1. Nf3 d5 2. g3 Nc6 3. d4 Bf5 4. Bg2 Nb4 5. Na3 e6 6. O-O h6 7. c3 Nc6 8. b3 Nf6
9. Bb2 Be4 10. Nb1 Bd6 11. Nbd2 Bh7 12. c4 O-O 13. Rc1 a5 14. Ne5 Nb8 15. cxd5
exd5 16. e3 c6 17. Nb1 Nbd7 18. Nxd7 Qxd7 19. Nc3 h5 20. h4 Rfe8 21. Na4 Qc7 22.
Nc3 Qb8 23. Qf3 Ng4 24. Rfe1 Re6 25. e4 Rf6 26. Qd1 Nxf2 27. Qxh5 Nd3 28. e5 Rh6
29. Qf3 Nxe1 30. Rxe1 Bb4 31. a3 Bxc3 32. Bxc3 Be4 33. Qf4 Bxg2 34. Kxg2 Qc8 35.
Bd2 Rg6 36. h5 Rg4 37. Qf3 Re4 38. Rf1 Qe6 39. h6 gxh6 40. Qh5 Qg6 41. Qf3 Rxd4
42. Be3 Re4 43. Bf4 Re8 44. Rh1 R4xe5 45. Rxh6 Qe4 46. Bxe5 Rxe5 47. Rd6 Qe2+
48. Qf2 Qxf2+ 49. Kxf2 Re7 50. b4 axb4 51. axb4 Kg7 52. g4 f6 53. Kf3 Kg6 54.
Rd8 Re4 55. b5 Rb4 56. bxc6 bxc6 57. Rd6 Rc4 58. Kg3 Kg5 59. Rd8 Rc3+ 60. Kf2
Kxg4 61. Rd6 f5 62. Ke2 f4 63. Kd2 Rc4 64. Rd8 Kf3 65. Rg8 Rd4+ 66. Kc3 Re4 67.
Kd3 c5 68. Rf8 c4+ 69. Kc3 Ke3 70. Rh8 f3 71. Rh3 Ke2 72. Rh2+ f2 73. Rh3 f1=Q
74. Rg3 0-1

[Event "Titled Tue 26th Aug Late"]
[Site "chess.com INT"]
[Date "2025.08.26"]
[Round "8"]
[White "Storey, Charles H"]
[Black "Drygalov, Andrey"]
[Result "0-1"]
[WhiteTitle "FM"]
[BlackTitle "GM"]
[WhiteElo "2095"]
[BlackElo "2431"]
[WhiteFideId "406686"]
[BlackFideId "24171735"]
[EventDate "2025.08.26"]

1. c4 Nf6 2. g3 e6 3. Bg2 d5 4. d4 Bb4+ 5. Bd2 Be7 6. Qc2 O-O 7. Nf3 Nbd7 8. O-O
c6 9. c5 b6 10. cxb6 Qxb6 11. Nc3 Ba6 12. Rfc1 Rac8 13. Na4 Qb7 14. e3 c5 15.
dxc5 Nxc5 16. Nxc5 Rxc5 17. Qb1 Ne4 18. Be1 Bf6 19. Nd4 Rxc1 20. Qxc1 Rc8 21.
Qb1 Nc5 22. Bc3 Na4 23. Qe1 Nxc3 24. bxc3 Qc7 25. Rc1 Bc4 26. Qd2 Rb8 27. Bf1 g6
28. Bxc4 Qxc4 29. h4 h5 30. Kg2 Kg7 31. Rc2 a5 32. Qe2 Qxe2 33. Nxe2 Rc8 34. Kf3
a4 35. Rc1 Rc4 36. Kg2 a3 37. Kf1 Rc7 38. Ke1 Be7 39. Kd2 f6 40. Nd4 Kf7 41. Rb1
e5 42. Nb5 Rd7 43. Rb3 g5 44. Nxa3 Ra7 45. Nc2 Rxa2 46. Rb5 gxh4 47. gxh4 Ke6
48. Rb6+ Kf5 49. f3 Bc5 50. Rb5 Bxe3+ 51. Kxe3 Rxc2 52. Rxd5 Rxc3+ 53. Kf2 Kf4
54. Rd6 Rxf3+ 55. Kg2 Kg4 56. Rd8 Rf4 57. Rg8+ Kxh4 0-1

[Event "Titled Tue 26th Aug Late"]
[Site "chess.com INT"]
[Date "2025.08.26"]
[Round "8"]
[White "Lemos, Dawton Almino"]
[Black "Malassagne, Isabelle"]
[Result "0-1"]
[WhiteTitle "FM"]
[BlackTitle "WFM"]
[WhiteElo "2172"]
[BlackElo "2134"]
[WhiteFideId "2146797"]
[BlackFideId "20670265"]
[EventDate "2025.08.26"]

1. e4 e5 2. Nf3 Nc6 3. d4 exd4 4. Bc4 Nf6 5. e5 d5 6. Bb5 Ne4 7. Bxc6+ bxc6 8.
Nxd4 Bc5 9. Be3 Qd7 10. f3 Bxd4 11. Qxd4 c5 12. Qd1 d4 13. Bc1 Ba6 14. fxe4 O-O
15. Kf2 Rae8 16. Re1 Rxe5 17. Kg1 Qe7 18. Nd2 f5 19. Nf3 Rxe4 20. Bg5 Qe6 21.
Qd2 h6 22. Bh4 Re8 23. Bg3 Qd5 24. c3 d3 25. Re3 c4 26. Bf2 Bb7 27. Rae1 g5 28.
Rxe4 fxe4 29. Qe3 c5 30. Nd2 a5 31. Qxc5 Qxc5 32. Bxc5 Bd5 33. b3 cxb3 34. axb3
Kf7 35. c4 Bc6 36. Be3 Kg6 37. Rf1 a4 38. bxa4 Bxa4 39. Ra1 Bc2 40. Ra6+ Kh5 41.
c5 Rb8 42. c6 Rc8 43. Rb6 Ba4 44. Nxe4 Bxc6 45. Nd2 Ba8 46. h4 Rc2 47. hxg5 hxg5
48. Rb5 Kh4 49. Bxg5+ Kg4 50. Be3 Ra2 51. Rg5+ Kh4 0-1